000 02269nam a2200349 i 4500
999 _c65588
_d65588
001 768714001
003 CO-MdFUSB
005 20200828134811.0
007 ta
008 200331t2002 mau |||| |||| 00| 0 eng d
020 _a9781565637184
040 _aCO-MdFUSB
_bspa
_cCO-MdFUSB
_dCO-MdFUSBC
_erda
041 _aeng
082 _223
_a262.009
_bC734
245 1 _aCommunity Formation :
_bin the early church and in the church today
_c/ editado por Richard. Longenecker,
264 1 _aMassachusetts :
_bHendrickson Publishers,
_c[2002]
264 4 _c© 2002
300 _a251 páginas
_c; 23 cm
336 _2rdacontent
_atexto
_btxt
337 _2rdamedia
_asin mediación
_bn
338 _2rdacarrier
_avolumen
_bnc
500 _aColección Dawn Christina Harrell
505 _aAsociaciones grecorromanas filosóficas, religiosas y voluntarias / Richard S. Ascough. -- La experiencia judía: templo, sinagaga, hogar y grupos fraternos / Alan F. Segal. -- Construyendo "una asociación (synodos) ... y un lugar propios "/ Peter Richardson. -- El ministerio de Jesús en los evangelios / Craig A. Evans. -- La visión de Paul de la iglesia y la formación comunitaria en sus principales cartas misioneras / Richard N. Longenecker. -- Poder divino, formación comunitaria y liderazgo en la Ley de los Apóstoles / S. Scott Bartchy. -- Congregación y ministerio en las epístolas pastorales / I. Howard Marshall. -- Ministerio cristiano en tres ciudades del imperio occidental (160-258 CE) / Alan L. Hayes. -- Formas y funciones ministeriales en las comunidades eclesiales de los padres griegos / Frances Young. -- El poder "autoorganizador" del evangelio: Episcopado y formación comunitaria / John Webster. -- La vida santificada en el cuerpo de Cristo: una forma presbiteriana de Comunidad cristiana / David C. Hester - La formación comunitaria como imagen del Dios trino: un modelo congregacional del orden y la vida de la iglesia / Miroslav Volf.
563 _aRústico
650 0 _9153
_aHistoria de la Iglesia
650 7 _9659
_aIglesia
_xHistoria
_y(Iglesia primitiva), ca. 0030-0600
650 7 _9655
_aIglesia
700 1 _9649
_aLongenecker, Richard N.
_d1930-
_eeditor
942 _cBK
945 _aJTF-925
_bAEM-53